|
|
|
|
| LEADER |
00000caa a2200000 c 4500 |
| 001 |
1422589277 |
| 003 |
DE-627 |
| 005 |
20240322145328.0 |
| 007 |
tu |
| 008 |
111103s1998 xx ||||| 00| ||eng c |
| 020 |
|
|
|a 3861130270
|
| 035 |
|
|
|a (DE-627)1422589277
|
| 035 |
|
|
|a (DE-576)352589272
|
| 035 |
|
|
|a (DE-599)BSZ352589272
|
| 040 |
|
|
|a DE-627
|b ger
|c DE-627
|e rakwb
|
| 041 |
|
|
|a eng
|
| 100 |
1 |
|
|a Obergfell-Fuchs, Joachim
|d 1964-
|0 (DE-588)131834169
|0 (DE-627)514391022
|0 (DE-576)171591372
|4 aut
|
| 109 |
|
|
|a Obergfell-Fuchs, Joachim 1964-
|a Fuchs, Joachim Obergfell- 1964-
|
| 245 |
1 |
0 |
|a Possibilities of privatization of police scopes and their influences on the feelings of security of the public
|c Joachim Obergfell-Fuchs
|
| 264 |
|
1 |
|c 1998
|
| 336 |
|
|
|a Text
|b txt
|2 rdacontent
|
| 337 |
|
|
|a ohne Hilfsmittel zu benutzen
|b n
|2 rdamedia
|
| 338 |
|
|
|a Band
|b nc
|2 rdacarrier
|
| 773 |
0 |
8 |
|i In
|t Research on crime and criminal justice at the Max Planck Institute
|d Freiburg i. Br. : Ed. iuscrim, Max-Planck-Inst. für Ausländisches und Internat. Strafrecht, 1998
|g (1998), Seite 61 - 64
|h VIII, 104 S.
|w (DE-627)246911662
|w (DE-576)067943659
|z 3861130270
|7 nnam
|
| 773 |
1 |
8 |
|g year:1998
|g pages:61 - 64
|
| 776 |
0 |
8 |
|i Erscheint auch als
|n Online-Ausgabe
|a Obergfell-Fuchs, Joachim, 1964 -
|t Possibilities of privatization of police scopes and their influences on the feelings of security of the public
|d 1998
|w (DE-627)1884142575
|k Electronic
|
| 935 |
|
|
|a mkri
|
| 951 |
|
|
|a AR
|
| ELC |
|
|
|b 1
|
| LOK |
|
|
|0 000 xxxxxcx a22 zn 4500
|
| LOK |
|
|
|0 001 2899467158
|
| LOK |
|
|
|0 003 DE-627
|
| LOK |
|
|
|0 004 1422589277
|
| LOK |
|
|
|0 005 20260120104943
|
| LOK |
|
|
|0 008 160208||||||||||||||||ger|||||||
|
| LOK |
|
|
|0 040
|a DE-21-110
|c DE-627
|d DE-21-110
|
| LOK |
|
|
|0 689
|a s
|a Polizei
|
| LOK |
|
|
|0 689
|a s
|a Sicherheitsgefühl
|
| LOK |
|
|
|0 689
|a s
|a Privatisierung
|
| LOK |
|
|
|0 852
|a DE-21-110
|
| LOK |
|
|
|0 852 1
|m p
|9 00
|
| LOK |
|
|
|0 935
|a k110
|
| LOK |
|
|
|0 938
|k p
|
| LOK |
|
|
|0 939
|a 08-02-16
|b l01
|
| ORI |
|
|
|a SA-MARC-krimdoka001.raw
|